[Event "Wch U16"]
[Site "Maribor"]
[Date "2012.11.18"]
[Round "11.50"]
[White "Zhang, Roy Yinian"]
[Black "Hackner, Oskar A"]
[Result "0-1"]
[WhiteElo "1901"]
[BlackElo "1985"]
[PlyCount "100"]
[EventDate "2012.11.08"]
[EventType "swiss"]
[EventRounds "11"]
[EventCountry "SLO"]
[SourceTitle "EXT 2013"]
[Source "ChessBase"]
[SourceDate "2012.11.22"]
[SourceVersion "1"]
[SourceVersionDate "2012.11.22"]
[SourceQuality "1"]

1. d4 Nf6 2. c4 e6 3. Nf3 b6 4. a3 Bb7 5. Nc3 d5 6. cxd5 Nxd5 7. e3 Be7 8. Bb5+ c6 9. Bd3 0-0 10. e4 Nf6 11. 0-0 c5 12. Be3 cxd4 13. Bxd4 Nc6 14. Be3 Rc8 15. Qe2 Qc7 16. h3 Rfd8 17. Rac1 Qb8 18. Rfd1 Nd7 19. Bb5 Bf6 20. Nd2 Nde5 21. f4 Ng6 22. e5 Be7 23. Qf2 Nd4 24. b4 Bh4 25. g3 Rxc3 26. Rxc3 Nxb5 27. Rb3 Be7 28. a4 Nc7 29. a5 Nd5 30. axb6 axb6 31. Bxb6 Nxb6 32. Qxb6 Qc8 33. Rbb1 Rd3 34. Nf1 Qc2 35. Qf2 Qxd1 36. Rxd1 Rxd1 37. Qb6 Bd5 38. Kf2 Rb1 39. b5 Bc4 40. Nd2 Rb2 41. Ke3 Bxb5 42. h4 Bb4 43. Ne4 Rb3+ 44. Kf2 Bd3 45. Qd8+ Nf8 46. Ng5 h6 47. Nf3 Bc5+ 48. Ke1 Bf5 49. Nd2 Re3+ 50. Kf1 Bh3+ 0-1

[Event "Wch U16"]
[Site "Maribor"]
[Date "2012.11.11"]
[Round "4.42"]
[White "Zhang, Roy Yinian"]
[Black "Yezhel, Valiantsin"]
[Result "0-1"]
[WhiteElo "1901"]
[BlackElo "2047"]
[PlyCount "50"]
[EventDate "2012.11.08"]
[EventType "swiss"]
[EventRounds "11"]
[EventCountry "SLO"]
[SourceTitle "EXT 2013"]
[Source "ChessBase"]
[SourceDate "2012.11.22"]
[SourceVersion "1"]
[SourceVersionDate "2012.11.22"]
[SourceQuality "1"]

1. Nf3 Nf6 2. c4 g6 3. Nc3 Bg7 4. e4 d6 5. d4 0-0 6. Be2 e5 7. 0-0 Qe8 8. d5 a5 9. Ne1 Na6 10. Rb1 Nd7 11. a3 f5 12. b4 axb4 13. axb4 Nf6 14. f3 f4 15. c5 g5 16. cxd6 cxd6 17. Na4 Qd8 18. b5 Nc5 19. Nxc5 Qb6 20. Ned3 dxc5 21. Nxe5 c4+ 22. Kh1 Nh5 23. Ng4 Bxg4 24. Qe1 Ng3+ 25. hxg3 Bd4 0-1

[Event "Wch U16"]
[Site "Maribor"]
[Date "2012.11.09"]
[Round "2.36"]
[White "Bosnjak, Petar"]
[Black "Zhang, Roy Yinian"]
[Result "1/2-1/2"]
[WhiteElo "2086"]
[BlackElo "1901"]
[PlyCount "34"]
[EventDate "2012.11.08"]
[EventType "swiss"]
[EventRounds "11"]
[EventCountry "SLO"]
[SourceTitle "EXT 2013"]
[Source "ChessBase"]
[SourceDate "2012.11.22"]
[SourceVersion "1"]
[SourceVersionDate "2012.11.22"]
[SourceQuality "1"]

1. e4 c5 2. Nf3 d6 3. d4 cxd4 4. Nxd4 Nf6 5. Nc3 g6 6. Be3 a6 7. Qd2 b5 8. a4 b4 9. Nd5 Nxd5 10. exd5 Bb7 11. Bc4 Qc7 12. Qxb4 Nd7 13. Nf3 Bg7 14. c3 Rb8 15. Ba7 Rc8 16. Be3 Qxc4 17. Qxb7 Rc7 1/2-1/2

[Event "GBR-ch Major 98th"]
[Site "Sheffield"]
[Date "2011.07.27"]
[Round "4"]
[White "Waters, Clive L"]
[Black "Zhang, Roy Yinian"]
[Result "1/2-1/2"]
[WhiteElo "2110"]
[BlackElo "1831"]
[PlyCount "62"]
[EventDate "2011.07.25"]
[EventType "swiss"]
[EventRounds "11"]
[EventCountry "ENG"]
[SourceTitle "EXT 2012"]
[Source "ChessBase"]
[SourceDate "2011.11.24"]
[SourceVersion "1"]
[SourceVersionDate "2011.11.24"]
[SourceQuality "1"]

1. b3 Nf6 2. Bb2 e6 3. Nf3 b6 4. g3 Bb7 5. Bg2 Be7 6. 0-0 0-0 7. c4 d5 8. cxd5 exd5 9. d4 Nbd7 10. Nc3 Re8 11. Rc1 Rc8 12. Qc2 a6 13. Rfd1 Bd6 14. e3 Qe7 15. Qf5 Qe6 16. Qxe6 Rxe6 17. Ng5 Ree8 18. a3 h6 19. Nf3 Kf8 20. b4 b5 21. Nd2 Nb6 22. Re1 Rcd8 23. Ra1 Ne4 24. Ncxe4 dxe4 25. Nb3 Nc4 26. Bc3 Bd5 27. Nc5 Bxc5 28. bxc5 Rb8 29. Reb1 a5 30. Bf1 a4 31. Bb4 c6 1/2-1/2

[Event "GBR-ch Major 98th"]
[Site "Sheffield"]
[Date "2011.07.25"]
[Round "1"]
[White "Zhang, Roy Yinian"]
[Black "Webb, Matthew"]
[Result "1/2-1/2"]
[WhiteElo "1831"]
[BlackElo "2065"]
[PlyCount "66"]
[EventDate "2011.07.25"]
[EventType "swiss"]
[EventRounds "11"]
[EventCountry "ENG"]
[SourceTitle "EXT 2012"]
[Source "ChessBase"]
[SourceDate "2011.11.24"]
[SourceVersion "1"]
[SourceVersionDate "2011.11.24"]
[SourceQuality "1"]

1. d4 g6 2. Nf3 Bg7 3. Bf4 d6 4. e3 Nf6 5. h3 0-0 6. Be2 b6 7. 0-0 c5 8. c3 Bb7 9. Nbd2 Nbd7 10. a4 Qc7 11. Bh2 cxd4 12. cxd4 Rfc8 13. Rc1 Qd8 14. Qb3 Rxc1 15. Rxc1 Rc8 16. Rc3 Rxc3 17. bxc3 Qc8 18. Bd3 Ba6 19. Bxa6 Qxa6 20. Ng5 d5 21. c4 h6 22. Ngf3 e6 23. Ne5 Nxe5 24. Bxe5 dxc4 25. Qxc4 Qxc4 26. Nxc4 Nd7 27. Bd6 Bf8 28. Kf1 Bxd6 29. Nxd6 Kf8 30. Ke2 a6 31. Kd3 f5 32. e4 Nf6 33. f3 Nh5 1/2-1/2

[Event "Sunningdale e2e4 Major op"]
[Site "Sunningdale"]
[Date "2011.05.28"]
[Round "2"]
[White "Zhang, Roy Yinian"]
[Black "Staples, Daniel J"]
[Result "1/2-1/2"]
[WhiteElo "1830"]
[BlackElo "1981"]
[PlyCount "130"]
[EventDate "2011.05.27"]
[EventType "swiss"]
[EventRounds "7"]
[EventCountry "ENG"]
[SourceTitle "EXT 2023"]
[Source "ChessBase"]
[SourceDate "2022.10.05"]
[SourceVersion "1"]
[SourceVersionDate "2022.10.05"]
[SourceQuality "1"]

1. d4 Nf6 2. Nf3 d6 3. c4 Bg4 4. e3 c6 5. Be2 Nbd7 6. Nc3 e5 7. 0-0 Be7 8. h3 Bh5 9. b4 0-0 10. Qb3 h6 11. Rd1 e4 12. Nd2 Bxe2 13. Nxe2 d5 14. Nc3 Nb6 15. Rb1 dxc4 16. Nxc4 Nxc4 17. Qxc4 Qc8 18. Qb3 Rd8 19. Ba3 a6 20. Na4 Nd5 21. Nc5 Bxc5 22. dxc5 Qf5 23. Rd4 g5 24. Bb2 Kh7 25. Qc4 Re8 26. Qe2 a5 27. g4 Qe6 28. b5 h5 29. Rbd1 hxg4 30. hxg4 Kg6 31. R4d2 f6 32. Kg2 Rh8 33. Rg1 cxb5 34. Kf1 Qc6 35. Qd1 Rad8 36. Bd4 b4 37. Qc2 Nc3 38. Ke1 Nb5 39. Qc4 Nxd4 40. exd4 Rd5 41. Rg3 Rh1+ 42. Ke2 Qa6 43. Qxa6 bxa6 44. Rc2 Rxd4 45. Ke3 Rdd1 46. Kxe4 Rhe1+ 47. Re3 Rc1 48. Rxc1 Rxc1 49. Kd5 a4 50. c6 a5 51. Kd6 b3 52. axb3 a3 53. Re2 Rd1+ 54. Ke6 Rc1 55. Kd5 Rc3 56. Ra2 Rxb3 57. c7 Rc3 58. Kd6 Rd3+ 59. Kc6 Rc3+ 60. Kb6 Rb3+ 61. Kxa5 Rc3 62. Kb6 Rb3+ 63. Kc6 Rc3+ 64. Kd7 Rd3+ 65. Kc8 Rb3 1/2-1/2

[Event "BCF-chT2d 0910 (4NCL) Demotion pool"]
[Site "England"]
[Date "2010.05.02"]
[Round "10.8"]
[White "Flint, Martina"]
[Black "Zhang, Roy Yinian"]
[Result "0-1"]
[WhiteElo "1770"]
[BlackElo "2010"]
[PlyCount "170"]
[EventDate "2009.10.24"]
[EventType "team-tourn"]
[EventRounds "4"]
[EventCountry "ENG"]
[SourceTitle "EXT 2010"]
[Source "ChessBase"]
[SourceDate "2010.11.25"]
[SourceVersion "1"]
[SourceVersionDate "2010.11.25"]
[SourceQuality "1"]
[WhiteTeam "White Rose II"]
[BlackTeam "Bristol"]
[WhiteTeamCountry "ENG"]
[BlackTeamCountry "ENG"]

1. f4 d5 2. g3 Nf6 3. Nf3 g6 4. Bg2 Bg7 5. 0-0 0-0 6. d3 c5 7. c3 Nc6 8. Qc2 Qb6 9. Kh1 Rd8 10. e4 c4 11. dxc4 Nxe4 12. Qe2 Nf6 13. cxd5 Nxd5 14. Na3 Bf5 15. Qf2 Qa6 16. Rg1 h5 17. Nh4 Bd3 18. Bxd5 Rxd5 19. Nc2 Bf6 20. Nf3 Be4 21. h3 Qb6 22. Ne3 e5 23. Kg2 Rd3 24. Re1 Qc7 25. Kg1 exf4 26. gxf4 Qxf4 27. Nd5 Qd6 28. Nxf6+ Qxf6 29. Ng5 Qxf2+ 30. Kxf2 Bf5 31. Nf3 Bxh3 32. Bg5 Kg7 33. Be3 Rd5 34. Ng5 Bf5 35. Bf4 f6 36. Nf3 g5 37. Rg1 Kf7 38. Bh2 Bg4 39. Rae1 Bxf3 40. Kxf3 Rd2 41. Re2 Rxe2 42. Kxe2 Rd8 43. Rf1 Ke6 44. Ke3 Ne5 45. Re1 Rd3+ 46. Ke2 Rd7 47. Bg1 a6 48. Bd4 h4 49. Kf2 Kf5 50. Kg2 Rd5 51. Kh3 Kg6 52. Rf1 f5 53. Rf2 f4 54. Re2 Kf5 55. a3 Nf3 56. Re7 Nxd4 57. cxd4 b5 58. Rf7+ Kg6 59. Rf8 Rxd4 60. Rg8+ Kf5 61. Rf8+ Ke4 62. Kg4 Rd5 63. Rf6 a5 64. Re6+ Re5 65. Rc6 f3 66. Rf6 Kd3 67. Rxf3+ Kc2 68. Rf2+ Kb3 69. Rd2 a4 70. Rf2 Rc5 71. Rd2 Rc2 72. Rd5 Kxb2 73. Rxb5+ Kxa3 74. Rb6 Rb2 75. Re6 Rb5 76. Re3+ Kb2 77. Re2+ Kc3 78. Re3+ Kd2 79. Ra3 Ra5 80. Ra2+ Kc3 81. Ra3+ Kb2 82. Re3 a3 83. Re2+ Kc3 84. Re3+ Kd2 85. Rf3 a2 0-1

[Event "BCF-chT2b 0910 (4NCL)"]
[Site "England"]
[Date "2009.10.24"]
[Round "1.8"]
[White "Zhang, Roy Yinian"]
[Black "Mountford, Corinne"]
[Result "1/2-1/2"]
[WhiteElo "2010"]
[BlackElo "1602"]
[PlyCount "53"]
[EventDate "2009.10.24"]
[EventType "team-tourn"]
[EventRounds "11"]
[EventCountry "ENG"]
[SourceTitle "EXT 2010"]
[Source "ChessBase"]
[SourceDate "2010.11.25"]
[SourceVersion "1"]
[SourceVersionDate "2010.11.25"]
[SourceQuality "1"]
[WhiteTeam "Bristol"]
[BlackTeam "Poisoned Pawns II"]
[WhiteTeamCountry "ENG"]
[BlackTeamCountry "ENG"]

1. d4 d5 2. Nf3 e6 3. c4 c5 4. Nc3 Nf6 5. Bg5 Be7 6. e3 Nc6 7. Be2 0-0 8. 0-0 b6 9. Ne5 Bb7 10. Bf3 cxd4 11. exd4 Nxe5 12. dxe5 Ne4 13. Bxe7 Qxe7 14. cxd5 exd5 15. Qd4 Nxc3 16. bxc3 Rfd8 17. Bg4 Bc8 18. Be2 Bb7 19. f4 Rac8 20. Rfd1 Rc5 21. Rf1 Ra5 22. Rf3 Ba6 23. Bxa6 Rxa6 24. Qb4 Qc5+ 25. Qxc5 bxc5 26. Rd3 c4 27. Rd4 1/2-1/2